logo

Bir Sreshtho Munshi Abdur Rouf Library
Jhenaidah Cadet College

Microeconomics / (Record no. 8532)

MARC details
000 -LEADER
fixed length control field 00953cam a2200313 a 4500
001 - CONTROL NUMBER
JCCL Control Number 8532
003 - CONTROL NUMBER IDENTIFIER
JCCL marc code BD - JhCC
005 - DATE AND TIME OF LATEST TRANSACTION
control field 20180920093010.0
008 - FIXED-LENGTH DATA ELEMENTS--GENERAL INFORMATION
fixed length control field 970313s1995 nyu 001 0 eng d
020 ## - INTERNATIONAL STANDARD BOOK NUMBER
International Standard Book Number 0673993280
020 ## - INTERNATIONAL STANDARD BOOK NUMBER
International Standard Book Number 0673993434 (Studentguide)
020 ## - INTERNATIONAL STANDARD BOOK NUMBER
International Standard Book Number 0673993426 (Homeworksets)
020 ## - INTERNATIONAL STANDARD BOOK NUMBER
International Standard Book Number 067399676X (Set)
035 ## - SYSTEM CONTROL NUMBER
system control number (BD-JhCC)8532
040 ## - CATALOGING SOURCE
Original cataloging agency OX/U-1
Modifying agency BD-JhCC
041 ## - LANGUAGE CODE
Language code of Book eng
082 ## - DEWEY DECIMAL CLASSIFICATION NUMBER
Author mark and Year BYR 1995
Classification number 339
100 1# - MAIN ENTRY--PERSONAL NAME
Personal name Byrns, Ralph T.
245 10 - TITLE STATEMENT
Title Microeconomics /
Statement of responsibility, etc Ralph T. Byrns, Gerald W. Stone
250 ## - EDITION STATEMENT
Edition statement 2nd ed
260 ## - PUBLICATION, DISTRIBUTION, ETC. (IMPRINT)
Place of publication, distribution, etc New York :
Name of publisher, distributor, etc HarperCollinsCollegePublishers,
Date of publication, distribution, etc c1995
300 ## - PHYSICAL DESCRIPTION
Pagination xxxi, 505, [29] p. ;
Other physical details ill. ;
Dimensions 26 cm. +
Accompanying material 2 computer disks
500 ## - GENERAL NOTE
General note In slip case
500 ## - GENERAL NOTE
General note Accompanied by: Student guide for learning microeconomics. 332 p. Homework sets for microeconomics. 81 p.
650 #0 - SUBJECT ADDED ENTRY--TOPICAL TERM
Topical term or geographic name as entry element Microeconomics.
700 1# - ADDED ENTRY--PERSONAL NAME
Personal name Stone, Gerald W.
942 ## - ADDED ENTRY ELEMENTS (KOHA)
Source of classification or shelving scheme Dewey Decimal Classification
Koha item type Books
Holdings
Source of classification or shelving scheme Damaged status Not for loan Home library Current library Shelving location Total Checkouts Full call number Barcode Date last seen Copy number Koha item type
Dewey Decimal Classification     JCC Rouf Library JCC Rouf Library General Stacks   339 BYR 1995 11253 02/26/2018 C - 1 Books
Dewey Decimal Classification     JCC Rouf Library JCC Rouf Library General Stacks   339 BYR 1995 11252 02/26/2018 C - 2 Books

JCC Library | Contacts | JCC Home

Last Update on 23 September 2017
Copyright @ 2017-2020 JCC Rouf Library
Rouf Library, Jhenidah Cadet College (JCC), Bangladesh